[Event "BL2 Sued 2122 (Women)"]
[Site "Germany"]
[Date "2022.03.20"]
[Round "5.5"]
[White "Dirmeier, Carolin"]
[Black "Rubina, Tatiana"]
[Result "0-1"]
[WhiteElo "1977"]
[BlackElo "1978"]
[PlyCount "92"]
[EventDate "2021.11.27"]
[EventType "team-tourn"]
[EventRounds "7"]
[EventCountry "GER"]
[SourceTitle "EXT 2023"]
[Source "ChessBase"]
[SourceDate "2022.10.05"]
[SourceVersion "1"]
[SourceVersionDate "2022.10.05"]
[SourceQuality "1"]
[WhiteTeam "Bayern Muenchen (W)"]
[BlackTeam "Karlsruhe (W)"]
[WhiteTeamCountry "GER"]
[BlackTeamCountry "GER"]

1. e4 e6 2. d4 d5 3. Nc3 Bb4 4. e5 c5 5. Bd2 cxd4 6. Nb5 Bc5 7. b4 Be7 8. Nxd4 Qb6 9. c3 Bd7 10. f4 Nc6 11. Ngf3 f6 12. Bd3 Nh6 13. 0-0 fxe5 14. fxe5 Nf7 15. Kh1 0-0-0 16. Be3 Qc7 17. a4 Rdf8 18. Nb5 Qb8 19. Qe2 a6 20. Nbd4 Nfxe5 21. c4 Bxb4 22. cxd5 exd5 23. Rab1 Nxd3 24. Qxd3 Bd6 25. Rfc1 Kd8 26. Nf5 Ne5 27. Bb6+ Ke8 28. Nxd6+ Qxd6 29. Nxe5 Bf5 30. Qg3 Bxb1 31. Bd4 Bf5 32. Re1 Be6 33. Qb3 Rf4 34. Ba1 Rb4 35. Qc2 Rf8 36. Nd3 Re4 37. Qd1 g6 38. g3 Rxe1+ 39. Qxe1 Kd7 40. Ne5+ Ke8 41. Kg2 d4 42. Nd3 Kd8 43. Nf4 Bd7 44. a5 g5 45. Ne2 Qd5+ 46. Kg1 Bc6 0-1

[Event "BL 1819 (Women)"]
[Site "Germany"]
[Date "2018.10.28"]
[Round "2.3"]
[White "Belenkaya, Dina"]
[Black "Rubina, Tatiana"]
[Result "1-0"]
[WhiteElo "2329"]
[BlackElo "2015"]
[PlyCount "47"]
[EventDate "2018.10.27"]
[EventType "team-tourn"]
[EventRounds "11"]
[EventCountry "GER"]
[SourceTitle "CBM 188 Extra"]
[Source "ChessBase"]
[SourceDate "2019.02.26"]
[SourceVersion "1"]
[SourceVersionDate "2019.02.26"]
[SourceQuality "1"]
[WhiteTeam "Bad Koenigshofen (W)"]
[BlackTeam "Karlsruhe (W)"]
[WhiteTeamCountry "GER"]
[BlackTeamCountry "GER"]

1. e4 c5 2. Nf3 d6 3. Bb5+ Nc6 4. 0-0 Nf6 5. Re1 Bd7 6. c3 e6 7. d4 cxd4 8. cxd4 d5 9. e5 Ne4 10. Nc3 Nxc3 11. bxc3 Nxe5 12. Nxe5 Bxb5 13. Qg4 Rc8 14. Nxf7 Qd7 15. Nxh8 Rc6 16. Re3 g6 17. Rf3 Qg7 18. Qf4 Rc7 19. h4 Ba4 20. h5 Bc2 21. h6 Qe7 22. Ba3 Bxh6 23. Qh2 Qxa3 24. Qxc7 1-0

[Event "GER-chT Federal Cup (Women)"]
[Site "Braunfels"]
[Date "2018.06.03"]
[Round "5.3"]
[White "Rubina, Tatiana"]
[Black "Barpiyeva, Gulsana"]
[Result "1-0"]
[WhiteElo "1998"]
[BlackElo "2085"]
[PlyCount "69"]
[EventDate "2018.05.31"]
[EventType "team-swiss"]
[EventRounds "5"]
[EventCountry "GER"]
[SourceTitle "EXT 2020"]
[Source "ChessBase"]
[SourceDate "2019.10.17"]
[SourceVersion "1"]
[SourceVersionDate "2019.10.17"]
[SourceQuality "1"]
[WhiteTeam "Baden (W)"]
[BlackTeam "Hessen (W)"]
[WhiteTeamCountry "GER"]
[BlackTeamCountry "GER"]

1. e4 c5 2. Nf3 e6 3. d4 cxd4 4. Nxd4 a6 5. Nc3 Qc7 6. Bd3 Nf6 7. 0-0 Be7 8. Kh1 d6 9. f4 Nbd7 10. Qe2 Nc5 11. Bd2 Nxd3 12. cxd3 0-0 13. Rac1 Qd7 14. g4 b5 15. g5 Ne8 16. f5 exf5 17. Nxf5 Bd8 18. Rf3 Bb7 19. Rcf1 f6 20. Qf2 Nc7 21. Qg3 d5 22. gxf6 Rxf6 23. Nh6+ Kh8 24. e5 Rxf3 25. Rxf3 Ne6 26. Rf7 Be7 27. Nf5 Re8 28. Rxg7 Ng5 29. Rxe7 Rxe7 30. Nxe7 h6 31. Bxg5 hxg5 32. Qxg5 d4+ 33. Ne4 Bxe4+ 34. dxe4 Qe6 35. Ng6+ 1-0

[Event "Heusenstamm Sparkassen op-A 3rd"]
[Site "Heusenstamm"]
[Date "2016.11.27"]
[Round "7"]
[White "Rubina, Tatiana"]
[Black "Olsen, Filip Boe"]
[Result "0-1"]
[WhiteElo "1875"]
[BlackElo "2136"]
[PlyCount "80"]
[EventDate "2016.11.24"]
[EventType "swiss"]
[EventRounds "7"]
[EventCountry "GER"]
[SourceTitle "EXT 2018"]
[Source "ChessBase"]
[SourceDate "2017.10.13"]
[SourceVersion "1"]
[SourceVersionDate "2017.10.13"]
[SourceQuality "1"]

1. e4 c6 2. d3 d5 3. Nd2 Nf6 4. Ngf3 Bg4 5. h3 Bh5 6. g4 Bg6 7. e5 Nfd7 8. h4 h5 9. g5 e6 10. d4 c5 11. c3 Nc6 12. a3 Rc8 13. b4 cxd4 14. cxd4 Qb6 15. Nb3 Nxb4 16. axb4 Bc2 17. Qe2 Bxb3 18. Bd2 g6 19. Qe3 Bc4 20. Qa3 a6 21. Rb1 Be7 22. Qa4 Qc6 23. Qd1 0-0 24. Be2 Qb5 25. Ng1 Qb6 26. Nf3 Qb5 27. Ng1 Nb8 28. f4 Nc6 29. f5 exf5 30. Bxh5 Bd3 31. e6 Nxd4 32. exf7+ Rxf7 33. Bxg6 Nc2+ 34. Kf2 Qb6+ 35. Kg3 Qxg6 36. h5 f4+ 37. Bxf4 Qe4 38. Qg4 Rc3 39. Nf3 Be2 40. Rhf1 Bd6 0-1

[Event "GER-chT Federal Cup (Women)"]
[Site "Braunfels"]
[Date "2014.06.21"]
[Round "4.6"]
[White "Zpevakova, Jana"]
[Black "Rubina, Tatiana"]
[Result "1-0"]
[WhiteElo "1915"]
[BlackElo "1946"]
[PlyCount "45"]
[EventDate "2014.06.19"]
[EventType "team-swiss"]
[EventRounds "5"]
[EventCountry "GER"]
[SourceTitle "EXT 2015"]
[Source "ChessBase"]
[SourceDate "2014.11.20"]
[SourceVersion "1"]
[SourceVersionDate "2014.11.20"]
[SourceQuality "1"]
[WhiteTeam "Wuerttemberg (W)"]
[BlackTeam "Baden (W)"]
[WhiteTeamCountry "GER"]
[BlackTeamCountry "GER"]

1. d4 Nf6 2. c4 e5 3. dxe5 Ng4 4. Nf3 Bc5 5. e3 Nc6 6. Be2 Ngxe5 7. Nxe5 Nxe5 8. 0-0 d6 9. b3 Qf6 10. Bb2 Nf3+ 11. Bxf3 Qxb2 12. Nd2 0-0 13. Ne4 Bb6 14. Ng3 a5 15. Qc1 Qe5 16. Qc2 Bc5 17. Rad1 a4 18. bxa4 Qe8 19. Rd5 Qxa4 20. Qe4 Qe8 21. Qh4 Qd8 22. Rg5 Be6 23. Qh6 1-0

[Event "Verbandsliga Nord Baden 0708"]
[Site "Germany"]
[Date "2008.04.06"]
[Round "8.6"]
[White "Rehl, Danny"]
[Black "Rubina, Tatiana"]
[Result "1/2-1/2"]
[WhiteElo "2197"]
[BlackElo "2150"]
[PlyCount "40"]
[EventDate "2007.10.14"]
[EventType "team"]
[EventRounds "9"]
[EventCountry "GER"]
[SourceTitle "EXT 2009"]
[Source "ChessBase"]
[SourceDate "2008.11.26"]
[SourceVersion "1"]
[SourceVersionDate "2008.11.26"]
[SourceQuality "1"]
[WhiteTeam "Leimen"]
[BlackTeam "Walldorf"]
[WhiteTeamCountry "GER"]
[BlackTeamCountry "GER"]

1. Nf3 d5 2. c4 e6 3. e3 Nf6 4. Be2 Be7 5. 0-0 0-0 6. b3 c5 7. Ne5 b6 8. f4 Bb7 9. Bf3 Nbd7 10. Bb2 Rc8 11. Qe1 Qc7 12. d3 Rfd8 13. Qg3 dxc4 14. dxc4 Bxf3 15. Qxf3 Nb8 16. Nc3 a6 17. Ne4 Nxe4 18. Qxe4 Nc6 19. Rad1 Nxe5 20. Bxe5 Bd6 1/2-1/2

[Event "BL2 West 0708 (Women)"]
[Site "Germany"]
[Date "2007.11.11"]
[Round "2.4"]
[White "Rubina, Tatiana"]
[Black "Buechle, Regina"]
[Result "1-0"]
[WhiteElo "2120"]
[BlackElo "2020"]
[PlyCount "105"]
[EventDate "2007.11.10"]
[EventType "team-tourn"]
[EventRounds "7"]
[EventCountry "GER"]
[SourceTitle "EXT 2009"]
[Source "ChessBase"]
[SourceDate "2008.11.26"]
[SourceVersion "1"]
[SourceVersionDate "2008.11.26"]
[SourceQuality "1"]
[WhiteTeam "Walldorf (W)"]
[BlackTeam "Wattenscheid (W)"]
[WhiteTeamCountry "GER"]
[BlackTeamCountry "GER"]

1. e4 c5 2. Nc3 Nc6 3. g3 g6 4. Bg2 Bg7 5. d3 d6 6. Be3 e6 7. Qd2 Nf6 8. h3 0-0 9. Nge2 a6 10. Bh6 Nd4 11. Bxg7 Kxg7 12. 0-0 Rb8 13. f4 b5 14. g4 Nxe2+ 15. Nxe2 d5 16. g5 Ne8 17. exd5 exd5 18. Qc3+ Kg8 19. Qxc5 Be6 20. Qf2 Qc8 21. Rfc1 Nc7 22. Kh2 Qd7 23. Nd4 Qd6 24. Qg3 Rbc8 25. a3 Rfe8 26. Re1 Re7 27. f5 Qxg3+ 28. Kxg3 gxf5 29. Nxf5 Rd7 30. Nd4 Rd6 31. Re5 Ne8 32. Rae1 Ng7 33. Bf3 Rc7 34. h4 Bc8 35. c3 Rc5 36. h5 h6 37. gxh6 Rxh6 38. Nb3 Rc7 39. Rxd5 Be6 40. Rd8+ Kh7 41. Nd4 Nxh5+ 42. Bxh5 Rxh5 43. Nxe6 fxe6 44. Rxe6 Rg7+ 45. Kf3 Rh3+ 46. Ke4 Rh2 47. b4 Re2+ 48. Kd5 Rc2 49. Rc8 Rd7+ 50. Rd6 Rg7 51. Rcc6 Rg5+ 52. Ke4 Re2+ 53. Kf4 1-0

[Event "GER-chT Federal Cup (Women)"]
[Site "Braunfels"]
[Date "2006.05.07"]
[Round "5"]
[White "Rubina, Tatiana"]
[Black "Burisch, Christin"]
[Result "1-0"]
[WhiteElo "2125"]
[BlackElo "1904"]
[PlyCount "76"]
[EventDate "2006.05.04"]
[EventType "team-swiss"]
[EventRounds "5"]
[EventCountry "GER"]
[SourceTitle "EXT 2010"]
[Source "ChessBase"]
[SourceDate "2010.11.25"]
[SourceVersion "1"]
[SourceVersionDate "2010.11.25"]
[SourceQuality "1"]

1. e4 b6 2. d4 Bb7 3. Bd3 e6 4. Nf3 Nf6 5. Qe2 d5 6. Bg5 Be7 7. Bxf6 Bxf6 8. e5 Be7 9. Nbd2 a6 10. c3 c5 11. a3 Nc6 12. b4 Qc7 13. 0-0 Bc8 14. Rfe1 c4 15. Bc2 Bd7 16. Qe3 f6 17. exf6 gxf6 18. a4 0-0-0 19. Qh6 Rdf8 20. Bf5 Nd8 21. Bh3 Bd6 22. Nf1 Kb8 23. Ne3 Nf7 24. Qh5 Bf4 25. g3 Bd6 26. Ng4 Nd8 27. Qh6 Be7 28. Qg7 Be8 29. Nh6 Bh5 30. Nh4 e5 31. dxe5 fxe5 32. Rxe5 Bxh4 33. Qxc7+ Kxc7 34. Rxh5 Bf6 35. Rc1 Re8 36. Rxd5 Bg7 37. Rd7+ Kc6 38. Rxg7 Re2 1-0

[Event "BL2 Gr01 0506 (Women)"]
[Site "Germany"]
[Date "2006.03.05"]
[Round "7.1"]
[White "Sokalskaja, Elena"]
[Black "Rubina, Tatiana"]
[Result "1/2-1/2"]
[WhiteElo "2083"]
[BlackElo "1959"]
[PlyCount "50"]
[EventDate "2005.10.29"]
[EventType "team-tourn"]
[EventRounds "7"]
[EventCountry "GER"]
[SourceTitle "EXT 2007"]
[Source "ChessBase"]
[SourceDate "2006.11.23"]
[SourceVersion "1"]
[SourceVersionDate "2006.11.23"]
[SourceQuality "1"]
[WhiteTeam "Duesseldorf (W)"]
[BlackTeam "Mannheim (W)"]
[WhiteTeamCountry "GER"]
[BlackTeamCountry "GER"]

1. d4 d5 2. Nf3 e6 3. c4 Nf6 4. Nc3 Be7 5. Bg5 h6 6. Bh4 0-0 7. e3 b6 8. cxd5 Nxd5 9. Bxe7 Qxe7 10. Nxd5 exd5 11. Qb3 Be6 12. Be2 c5 13. Qa3 Nc6 14. dxc5 bxc5 15. 0-0 a5 16. Rfc1 Rfb8 17. Qxc5 Qxc5 18. Rxc5 Rxb2 19. Rxc6 Rxe2 20. Nd4 Rd2 21. a4 Bd7 22. Rcc1 Rb8 23. Nb5 Bxb5 24. Rcb1 d4 25. exd4 Rxd4 1/2-1/2